Κατάλογος Βιβλιοθηκών Mediterranean College

Κρυπτογραφία & Ασφάλεια Δικτύων / Αρχές & Εφαρμογές: Πρώτη Ελληνική Έκδοση (Record no. 6385)

MARC details
000 -LEADER
fixed length control field 01761cam a22002054a 4500
005 - ΗΜΕΡΟΜΗΝΙΑ ΚΑΙ ΩΡΑ ΤΕΛΕΥΤΑΙΑΣ ΕΝΗΜΕΡΩΣΗΣ
Πεδίο ελέγχου 20250827113855.0
008 - FIXED-LENGTH DATA ELEMENTS--GENERAL INFORMATION
Πεδίο ελέγχου σταθερού μήκους 250528s ||||||||||||||||||||||||d
035 ## - SYSTEM CONTROL NUMBER
System control number 21320
020 ## - ISBN
ISBN 9789605080341
040 ## - ΠΗΓΗ ΚΑΤΑΛΟΓΟΓΡΑΦΗΣΗΣ
Φορέας πρωτότυπης καταλογογράφησης MC Athens Campus Library
Γλώσσα καταλογογράφησης Ελληνικά, Μοντέρνα (1453-)
Modifying agency MC Athens Campus Library
Κανόνες περιγραφικής καταλογογράφησης AACR2
245 1# - ΤΙΤΛΟΣ ΚΑΙ ΔΗΛΩΣΗ ΥΠΕΥΘΥΝΟΤΗΤΑΣ
Τίτλος Κρυπτογραφία & Ασφάλεια Δικτύων / Αρχές & Εφαρμογές: Πρώτη Ελληνική Έκδοση
250 ## - EDITION STATEMENT
Edition statement
260 ## - PUBLICATION, DISTRIBUTION, ETC.
Name of publisher, distributor, etc. Ίων,
Date of publication, distribution, etc. 2012
300 ## - PHYSICAL DESCRIPTION
Extent 768
520 ## - SUMMARY, ETC.
Summary, etc. Βασικός οδηγός για τις αρχές, τεχνικές και εφαρμογές της κρυπτογραφίας και της ασφάλειας των δικτύων. Εισαγωγή, Συμμετρικοί Αλγόριθμοι, Κλασσικές Τεχνικές Κρυπτογράφησης, Πεπερασμένα Σώματα, Πρότυπο Κρυπτογράφησης AES, Κρυπτογράφηση Δημόσιου Κλειδιού και Συναρτήσεις Κατακερματισμού, Εισαγωγή στη Θεωρία Αριθμών, Αυθεντικότητα Μηνύματος και Συναρτήσεις Κατακερματισμού, Ψηφιακές Υπογραφές και Πρωτόκολλα Αυθεντικοποίησης, Εφαρμογές Ασφάλειας Κτιρίων, Εφαρμογές Αυθεντικοποίησης, Ασφάλεια Ηλεκτρονικού Ταχυδρομείου, Ασφάλεια στο WEB, Ασφάλεια Συστημάτων, Εισβολείς, Κακόβουλο Λογισμικό, Τείχη Προστασίας, Γλωσσάρι, Βιβλιογραφία, Ευρετήριο.
700 1# - ΠΡΟΣΘΕΤΗ ΑΝΑΓΡΑΦΗ--ΦΥΣΙΚΟ ΠΡΟΣΩΠΟ
Personal name Stallings, William
9 (RLIN) 1498
942 ## - ADDED ENTRY ELEMENTS (KOHA)
Koha item type Books
Holdings
Τύπος τεκμηρίου Βιβλιοθήκη Τρέχουσα τοποθεσία Barcode Αριθμός εισαγωγής Ημερομηνία απόκτησης Ταξιθετικό σύμβολο Αριθμός αντιτύπου Κατάσταση απόσυρσης Κατάσταση χαμένου Κατάσταση κατεστραμμένου Μη δανεισμός Σύνολο δανεισμών Ημερομηνία τελευταίας εμφάνισης Η τιμή ισχύει από
Books MC Athens Campus Library MC Athens Campus Library 9780000063847 5479 05/06/2025 005.8 STA 1           05/06/2025 05/06/2025

MC Athens Campus Library
Πατησίων 94 & Κοδριγκτώνος 13, 104 34
Πελλήνης 8 & Πατησίων 107, 112 51
Τ: +30 210 8899600

MC Thessaloniki Campus Library
Ίωνος Δραγούμη 21, 54625 | Ίωνος Δραγούμη 15, 54625
Τ: +30 2310 287779 – Τ: +30 2314 440300